书目信息 |
| 题名: |
云巅创新
|
|
| 作者: | 胡勇 , 刘湘明 , 田丰 , 王岳 著 | |
| 分册: | ||
| 出版信息: | 北京 人民邮电出版社 2019 |
|
| 页数: | 198页 | |
| 开本: | 22cm | |
| 丛书名: | ||
| 单 册: | ||
| 中图分类: | F273.1 | |
| 科图分类: | ||
| 主题词: | 企业管理--qi ye guan li--技术革新--研究 | |
| 电子资源: | ||
| ISBN: | 978-7-115-50510-1 | |
| 000 | 01173nam0 2200301 450 | |
| 001 | 1946215580 | |
| 005 | 20190322100954.5 | |
| 010 | @a978-7-115-50510-1@b精装@dCNY 59.80 | |
| 099 | @aCAL 012019031647 | |
| 100 | @a20190320d2019 ekmy0chiy50 ea | |
| 101 | 0 | @achi |
| 102 | @aCN@b110000 | |
| 105 | @aa z 000yy | |
| 200 | 1 | @a云巅创新@Ayun dian chuang xin@e阿里巴巴全球创业者洞察@f胡勇 ... [等] 著 |
| 210 | @a北京@c人民邮电出版社@d2019 | |
| 215 | @a198页@c图@d22cm | |
| 304 | @a题名页题其余责任者: 刘湘明, 田丰, 王岳 | |
| 330 | @a本书简介:阿里云举办的诸神之战全球精英团队创业大赛,在几年的时间里,汇聚了全球最具创新性的创业项目,基本上可以代表科技成果落地的最新趋势。本书走访了几十家获奖的企业,并结合背后的数据以及产业分析,揭示了未来几年产业科技的融合发展动向。 | |
| 333 | @a企业管理研究人员 | |
| 517 | 1 | @a阿里巴巴全球创业者洞察@Aa li ba ba quan qiu chuang ye zhe dong cha |
| 606 | 0 | @a企业管理@Aqi ye guan li@x技术革新@x研究 |
| 690 | @aF273.1@v5 | |
| 701 | 0 | @a胡勇@Ahu yong@4著 |
| 701 | 0 | @a刘湘明@Aliu xiang ming@4著 |
| 701 | 0 | @a田丰@Atian feng@4著 |
| 701 | 0 | @a王岳@Awang yue@4著 |
| 801 | 0 | @aCN@bNJU@c20190320 |
| 905 | @aBZT@dF273.1@e10 | |
| 云巅创新:阿里巴巴全球创业者洞察/胡勇 ... [等] 著.-北京:人民邮电出版社,2019 |
| 198页:图;22cm |
| 使用对象:企业管理研究人员 |
| ISBN 978-7-115-50510-1(精装):CNY 59.80 |
| 本书简介:阿里云举办的诸神之战全球精英团队创业大赛,在几年的时间里,汇聚了全球最具创新性的创业项目,基本上可以代表科技成果落地的最新趋势。本书走访了几十家获奖的企业,并结合背后的数据以及产业分析,揭示了未来几年产业科技的融合发展动向。 |
| ● |
| 相关链接 |
|
|
|
正题名:云巅创新
索取号:F273.1/10
 
预约/预借
| 序号 | 登录号 | 条形码 | 馆藏地/架位号 | 状态 | 备注 |
| 1 | 868225 | 2000868225 | 第二书库/ [索取号:F273.1/10] | 在馆 | |
| 2 | 868226 | 2000868226 | 第二书库/ [索取号:F273.1/10] | 在馆 | |
| 3 | 868227 | 2000868227 | 第二书库/ [索取号:F273.1/10] | 在馆 |